Welcome to CU Library Online Public Access Catalogue (OPAC)

Essentials of psychiatric mental health nursing / (Record no. 27)

MARC details
000 -LEADER
fixed length control field 00700cam a22002174a 4500
001 - CONTROL NUMBER
control field 13532228
005 - DATE AND TIME OF LATEST TRANSACTION
control field 20240829113403.0
008 - FIXED-LENGTH DATA ELEMENTS--GENERAL INFORMATION
fixed length control field 040319s2005 paua b 001 0 eng
020 ## - INTERNATIONAL STANDARD BOOK NUMBER
International Standard Book Number 0803612672 (hardcover : alk. paper)
050 00 - LIBRARY OF CONGRESS CALL NUMBER
Classification number RC440
Item number .T689 2005
082 00 - DEWEY DECIMAL CLASSIFICATION NUMBER
Classification number 616.89/0231
Edition information 22
100 1# - MAIN ENTRY--PERSONAL NAME
Personal name Townsend, Mary C.,
Dates associated with a name 1941-
245 10 - TITLE STATEMENT
Title Essentials of psychiatric mental health nursing /
Statement of responsibility, etc. Mary C. Townsend.
250 ## - EDITION STATEMENT
Edition statement 3rd ed.
260 ## - PUBLICATION, DISTRIBUTION, ETC.
Place of publication, distribution, etc. Philadelphia :
Name of publisher, distributor, etc. F.A. Davis,
Date of publication, distribution, etc. c2005.
300 ## - PHYSICAL DESCRIPTION
Extent xx, 697 p. :
Other physical details col. ill. ;
Dimensions 25 cm. +
Accompanying material 1 CD-ROM (4 3/4 in.)
650 #0 - SUBJECT ADDED ENTRY--TOPICAL TERM
Topical term or geographic name entry element Psychiatric nursing.
650 12 - SUBJECT ADDED ENTRY--TOPICAL TERM
Topical term or geographic name entry element Psychiatric Nursing
General subdivision methods.
650 22 - SUBJECT ADDED ENTRY--TOPICAL TERM
Topical term or geographic name entry element Mental Disorders
General subdivision nursing.
942 ## - ADDED ENTRY ELEMENTS (KOHA)
Source of classification or shelving scheme Library of Congress Classification
Koha item type Books
Suppress in OPAC No
999 ## -
-- 27
-- 27
Holdings
Withdrawn status Lost status Source of classification or shelving scheme Damaged status Not for loan Collection Home library Current library Date acquired Total checkouts Full call number Barcode Date last seen Copy number Price effective from Koha item type
    Library of Congress Classification     Non-fiction Undergraduate Library (Christ Temple) Undergraduate Library (Christ Temple) 10/25/2024   RC440.T689 TOW ulct00000069 10/25/2024 1 10/25/2024 Books
© 2023-2024 Copyright: Central University Libraries. All Rights Reserved | Created by: Mahone Tech Office